Clinical anatomy / (رقم التسجيلة. 21144)

تفاصيل مارك
000 -الفاتح
حقل البيانات ثابتة الطول 01207cam a22003254a 4500
001 - رقم الضبط
رقم الضبط 13108804
003 - محدد رقم الضبط
رقم الضبط OSt
005 - وقت وتاريخ اخر تعامل مع التسجيلة
رقم الضبط 20151119131257.0
008 - عناصر البيانات ثابتة الطول - معلومات عامة
حقل البيانات ثابتة الطول 030303s2004 paua 001 0 eng
010 ## - رقم ضبط مكتبة الكونجرس
رقم ضبط مكتبة الكونجرس 2003044695
020 ## - الرقم الدولى المعيارى للكتب
الرقم الدولى المعيارى للكتاب 078174315X
020 ## - الرقم الدولى المعيارى للكتب
الرقم الدولى المعيارى للكتاب 9780781743150
040 ## - مصدر الفهرسة
وكالة الفهرسة الأصلية DLC
وكالة النسخ DLC
وكالة التعديل DLC
042 ## - رمز التحقق
رمز التحقق pcc
050 00 - رقم طلب مكتبة الكونجرس
رقم التصنيف QM23.2
رقم المادة .S55 2004
082 00 - رقم تصنيف ديوى العشرى
رقم التصنيف 611
رقم الطبعة 21
100 1# - المدخل الرئيسى - إسم شخصى
الإسم الشخصى Snell, Richard S.
9 (RLIN) 10136
245 10 - بيان العنوان
العنوان Clinical anatomy /
بيان المسئوليه,etc Richard S. Snell.
250 ## - بيان الطبعة
بيان الطبعة 7th ed.
260 ## - PUBLICATION, DISTRIBUTION, ETC. (IMPRINT)
مكان الناشر او الموزع Philadelphia :
اسم الناشر او الموزع Lippincott Williams & Wilkins,
تاريخ النشر أو التوزيع c2004.
300 ## - الوصف المادى
التعداد x, 1012 p. :
تفاصيل ماديه اخرى للوعاء ill. (some col.) ;
أبعاد الوعاء 28 cm.
500 ## - تبصرة عامة
تبصرة عامة Includes index.
500 ## - تبصرة عامة
تبصرة عامة Previously published under title: Clinical anatomy for medical students.
650 #0 - المدخل الاضافى بالموضوع-مصطلح موضوعى
مصطلح موضوعي أو اسم جغرافي كعنصر مدخل Human anatomy.
9 (RLIN) 5283
700 1# - المدخل الاضافى - اسم شخصى
الإسم الشخصى Snell, Richard S.
عنوان العمل Clinical anatomy for medical students.
9 (RLIN) 10137
856 42 - الوصول و الموقع الالكترونى
مواد محددة Publisher description
معرف المصدر الموحد <a href="http://www.loc.gov/catdir/enhancements/fy0712/2003044695-d.html">http://www.loc.gov/catdir/enhancements/fy0712/2003044695-d.html</a>
856 41 - الوصول و الموقع الالكترونى
مواد محددة Table of contents only
معرف المصدر الموحد <a href="http://www.loc.gov/catdir/enhancements/fy1012/2003044695-t.html">http://www.loc.gov/catdir/enhancements/fy1012/2003044695-t.html</a>
942 ## - عناصر المدخل الإضافي( كوها)
مصدر التصنيف او مخطط الترفيف Dewey Decimal Classification
Koha [default] item type كتاب
المقتنيات
حالة الفقد نموذج السعر الفعال حالة تلف ليس للاعارة رقم الطلب تاريخ الاكتساب الموقع الحالي الباركود الفرع الرئيسي Date last checked out Date last seen نوع المادة فى نظام كوها مصدر التصنيف او خطة الترفيف Total Checkouts مُعار
  2013-03-10     611 R S C 2012-04-04 مكتبة كلية العلوم الطبية التطبيقية بالمجمعة - طالبات (AMF) 00025890 مكتبة كلية العلوم الطبية التطبيقية بالمجمعة - طالبات (AMF) 2023-01-30 2023-08-23 كتاب Dewey Decimal Classification 3  
  2013-03-10     611 R S C 2012-04-04 مكتبة كلية العلوم الطبية التطبيقية بالمجمعة - طالبات (AMF) 00025901 مكتبة كلية العلوم الطبية التطبيقية بالمجمعة - طالبات (AMF) 2015-03-05 2015-03-05 كتاب Dewey Decimal Classification 1 2015-04-04